Women in South Carolina industries; (Record no. 35724)
[ view plain ]
| 000 -LEADER | |
|---|---|
| fixed length control field | 01271cam a22003131 4500 |
| 001 - CONTROL NUMBER | |
| control field | l 24000007 |
| 003 - CONTROL NUMBER IDENTIFIER | |
| control field | DLC |
| 005 - DATE AND TIME OF LATEST TRANSACTION | |
| control field | 20260227111529.0 |
| 008 - FIXED-LENGTH DATA ELEMENTS--GENERAL INFORMATION | |
| fixed length control field | 810320s1923 dcua f000 0 eng c |
| 010 ## - LIBRARY OF CONGRESS CONTROL NUMBER | |
| LC control number | l 24000007 |
| 035 ## - SYSTEM CONTROL NUMBER | |
| System control number | (OCoLC)7243410 |
| 040 ## - CATALOGING SOURCE | |
| Original cataloging agency | U.S. Dept. of Labor. Libr. |
| Transcribing agency | ScU |
| Modifying agency | DLC |
| 042 ## - AUTHENTICATION CODE | |
| Authentication code | premarc |
| 050 00 - LIBRARY OF CONGRESS CALL NUMBER | |
| Classification number | HD6093 |
| Item number | .A35 no. 32 |
| 082 ## - DEWEY DECIMAL CLASSIFICATION NUMBER | |
| Classification number | 331.406173 |
| 110 1# - MAIN ENTRY--CORPORATE NAME | |
| Corporate name or jurisdiction name as entry element | United States. |
| Subordinate unit | Women's Bureau. |
| 245 10 - TITLE STATEMENT | |
| Title | Women in South Carolina industries; |
| Remainder of title | a study of hours, wages, and working conditions. |
| 260 ## - PUBLICATION, DISTRIBUTION, ETC. | |
| Place of publication, distribution, etc. | Washington, |
| Name of publisher, distributor, etc. | Govt. Print. Off., |
| Date of publication, distribution, etc. | 1923. |
| 300 ## - PHYSICAL DESCRIPTION | |
| Extent | v, 128 p. |
| Other physical details | tables. |
| Dimensions | 23 cm. |
| 490 0# - SERIES STATEMENT | |
| Series statement | Bulletin, |
| Volume/sequential designation | no. 32 |
| 500 ## - GENERAL NOTE | |
| General note | At head of title : U.S. Department of Labor. James J. Davis secretary. Women's Bureau. Mary Anderson, director. |
| 500 ## - GENERAL NOTE | |
| General note | "The survey was directed by Ethel L. Best. The statistical material was prepared under the direction of Elizabeth A. Hyde, and the report was written by Mary V. Robinson."-Letter of transmittal. |
| 650 #0 - SUBJECT ADDED ENTRY--TOPICAL TERM | |
| Topical term or geographic name entry element | Women |
| General subdivision | Employment |
| Geographic subdivision | South Carolina. |
| 650 #0 - SUBJECT ADDED ENTRY--TOPICAL TERM | |
| Topical term or geographic name entry element | Hours of labor |
| Geographic subdivision | South Carolina. |
| 650 #0 - SUBJECT ADDED ENTRY--TOPICAL TERM | |
| Topical term or geographic name entry element | Wages |
| Geographic subdivision | South Carolina. |
| 700 1# - ADDED ENTRY--PERSONAL NAME | |
| Personal name | Best, Ethel L. |
| Fuller form of name | (Ethel Lombard) |
| 700 1# - ADDED ENTRY--PERSONAL NAME | |
| Personal name | Hyde, Elizabeth Adshead, |
| Dates associated with a name | 1876- |
| 700 1# - ADDED ENTRY--PERSONAL NAME | |
| Personal name | Robinson, Mary Viola. |
No items available.